Atlético Madrid - Tous les Joueurs (2015-2026) - Statistiques

Statistiques générales
  • Ce quiz a été pris 166 fois
    12 depuis la dernière actualisation
  • Le résultat moyen est 34 sur 85
Statistiques - réponses
Matchs Période Nationalité Joueur % Correct
501 2014- France Antoine Griezmann
100%
389 2010-2019 Uruguay Diego Godín
100%
538 2014- Slovénie Jan Oblak
100%
382 2013- Uruguay José María Giménez
91%
106 2024- Argentine Julián Alvarez
91%
740 2009- Espagne Koke
91%
300 2019- Espagne Marcos Llorente
91%
186 2018-2025 France Thomas Lemar
82%
266 2015-2023 Belgique Yannick Carrasco
82%
107 2024- Norvège Alexander Sorloth
73%
469 2015-2025 Argentine Ángel Correa
73%
403 2001-2018 Espagne Fernando Torres
73%
104 2022- Argentine Giuliano Simeone
73%
27 2025- Argentine Juan Musso
73%
110 2014-2019 France Lucas Hernandez
73%
57 2012-2017 Espagne Óliver Torres
73%
154 2019-2024 Espagne Álvaro Morata
64%
216 2007-2021 Espagne Diego Costa
64%
333 2015-2019 Brésil Filipe Luís
64%
417 2002-2018 Espagne Gabi
64%
93 2020-2023 Centrafrique Geoffrey Kondogbia
64%
40 2023-2024 Pays-Bas Memphis Depay
64%
427 2013-2025 Espagne Saúl Níguez
64%
297 2015-2024 Monténégro Stefan Savic
64%
24 2026- Nigéria Ademola Lookman
55%
178 2011-2015 Turquie Arda Turan
55%
60 2024- France Clément Lenglet
55%
77 2024-2026 Angleterre Conor Gallagher
55%
49 2025- Slovaquie Dávid Hancko
55%
181 2022- Argentine Nahuel Molina
55%
131 2019-2024 Portugal Joao Félix
45%
355 2011-2019 Espagne Juanfran
45%
178 2011-2015 Brésil Miranda
45%
103 2022-2025 Mozambique Reinildo Mandava
45%
118 2019-2023 Brésil Renan Lodi
45%
86 2024- Espagne Robin Le Normand
45%
47 2018-2019 Espagne Rodri
45%
187 2021-2025 Argentine Rodrigo De Paul
45%
100 2016-2022 Croatie Sime Vrsaljko
45%
188 2013-2020 Ghana Thomas Partey
45%
46 2025- Espagne Álex Baena
36%
116 2022-2025 Belgique Axel Witsel
36%
12 2018-2019 Portugal Gelson Martins
36%
86 2019-2022 Angleterrre Kieran Trippier
36%
36 2025- Espagne Marc Pubill
36%
174 2019-2024 Espagne Mario Hermoso
36%
43 2014-2015 Croatie Mario Mandzukic
36%
47 2025- Italie Matteo Ruggeri
36%
228 2010-2017 Portugal Tiago Mendes
36%
15 2025-2026 Italie Giacomo Raspadori
27%
78 2019-2022 Mexique Héctor Herrera
27%
22 2015-2016 Colombie Jackson Martínez
27%
82 2016-2018 France Kévin Gameiro
27%
83 2020-2022 Uruguay Luis Suárez
27%
186 2010-2015 Espagne Mario Suárez
27%
37 2025- Argentine Nicolas González
27%
93 2022-2025 Brésil Samuel Lino
27%
40 2025- Argentine Thiago Almada
27%
101 2017-2024 Espagne Vitolo
27%
113 2019-2023 Brésil Felipe
18%
26 2020-2021 Uruguay Lucas Torreira
18%
140 2022- Espagne Pablo Barrios
18%
28 2014-2015 Mexique Raúl Jiménez
18%
51 2018-2022 Colombie Santiago Arias
18%
11 2014-2017 Italie Alessio Cerci
9%
54 2023-2025 Espagne César Azpilicueta
9%
14 2020-2024 Croatie Ivo Grbic
9%
55 2023-2025 Espagne Javi Galán
9%
30 2025- États-Unis Johnny Cardoso
9%
38 2015-2019 Argentine Luciano Vietto
9%
54 2021-2023 Brésil Matheus Cunha
9%
49 2016-2018 Argentine Nicolás Gaitán
9%
24 2018-2020 Croatie Nikola Kalinic
9%
329 2007-2015 Espagne Raúl García
9%
75 2019-2025 Espagne Rodrigo Riquelme
9%
12 2022-2023 Espagne Sergio Reguilón
9%
34 2016-2018 Argentine Augusto Fernández
0%
11 2014-2015 Argentine Cristian Ansaldi
0%
44 2014-2017 Brésil Guilherme Siqueira
0%
14 2018-2021 Espagne Javi Montero
0%
37 2014-2016 Espagne Jesús Gámez
0%
11 2015-2017 Argentine Matías Kranevitter
0%
66 2014-2018 Espagne Miguel Ángel Moyá
0%
13 2026- Mexique Obed Vargas
0%
10 2026- Espagne Rodrigo Mendoza
0%
Aucun quiz correspondant
Distribution des résultats
% des personnes avec chaque résultat
Percentile par nombre de réponses
Votre historique - résultats
Vous n’avez pas pris ce quiz depuis la dernière actualisation